000
00199nam a22000977a 4500
999
_c
153919
_d
153919
082
_a
_b
245
_a
Oxford advanced learner's dictionary/
260
_a
_b
Oxford,
_c
650
_a
942
_c
BK